header

What works in development? (Record no. 44332)

MARC details
000 -LEADER
fixed length control field 01306nam a2200325Ia 4500
082 04 - DEWEY DECIMAL CLASSIFICATION NUMBER
Classification number 338.9
245 00 - TITLE STATEMENT
Title What works in development?
260 ## - PUBLICATION, DISTRIBUTION, ETC. (IMPRINT)
Place of publication Washington, D.C. :
Name of publisher Brookings Institution Press,
Year of publication c2009.
300 ## - PHYSICAL DESCRIPTION
Number of Pages vi, 245 p. :
Other physical details ill.
650 #0 - SUBJECT ADDED ENTRY--TOPICAL TERM
Topical Term Economic development.
Topical Term Social planning.
Topical Term Development economics.
700 1# - ADDED ENTRY--PERSONAL NAME
Personal name Cohen, Jessica
Personal name Easterly, William,
856 40 - ELECTRONIC LOCATION AND ACCESS
Uniform Resource Identifier http://site.ebrary.com/lib/rucke/Doc?id=10347297

No items available.

© 2026 Rongo University
Contact us: librarian | system librarian | Rongo university